MARC details
| 000 -LEADER |
| fixed length control field |
00860nab a22002537a 4500 |
| 003 - CONTROL NUMBER IDENTIFIER |
| control field |
OSt |
| 005 - DATE AND TIME OF LATEST TRANSACTION |
| control field |
20250402062822.0 |
| 008 - FIXED-LENGTH DATA ELEMENTS--GENERAL INFORMATION |
| fixed length control field |
250327t2004 ||||||||||||| 00| 0 eng d |
| 022 ## - INTERNATIONAL STANDARD SERIAL NUMBER |
| International Standard Serial Number |
0115-0839 |
| 040 ## - CATALOGING SOURCE |
| Transcribing agency |
JMCFI - Learning Resource Center |
| 082 ## - DEWEY DECIMAL CLASSIFICATION NUMBER |
| Classification number |
Per. 613.'051 H434 2004 |
| 100 ## - MAIN ENTRY--PERSONAL NAME |
| Personal name |
Kuzma, Kay |
| 9 (RLIN) |
21655 |
| 245 ## - TITLE STATEMENT |
| Title |
"My kid will never do that." / |
| Statement of responsibility, etc. |
Kay Kuzma. |
| 260 ## - PUBLICATION, DISTRIBUTION, ETC. |
| Place of publication, distribution, etc. |
Manila : |
| Name of publisher, distributor, etc. |
Philippine Publishing House, |
| Date of publication, distribution, etc. |
2004. |
| 650 ## - SUBJECT ADDED ENTRY--TOPICAL TERM |
| Topical term or geographic name entry element |
Love. |
| 9 (RLIN) |
5866 |
| 650 ## - SUBJECT ADDED ENTRY--TOPICAL TERM |
| Topical term or geographic name entry element |
Child behavior. |
| 9 (RLIN) |
22238 |
| 650 ## - SUBJECT ADDED ENTRY--TOPICAL TERM |
| Topical term or geographic name entry element |
Child psychology. |
| 9 (RLIN) |
2814 |
| 650 ## - SUBJECT ADDED ENTRY--TOPICAL TERM |
| Topical term or geographic name entry element |
Parenting. |
| 9 (RLIN) |
2672 |
| 650 ## - SUBJECT ADDED ENTRY--TOPICAL TERM |
| Topical term or geographic name entry element |
Parenting |
| General subdivision |
Positive reinforcement. |
| 9 (RLIN) |
23612 |
| 650 ## - SUBJECT ADDED ENTRY--TOPICAL TERM |
| Topical term or geographic name entry element |
Children |
| General subdivision |
Self-worth. |
| 9 (RLIN) |
23613 |
| 650 ## - SUBJECT ADDED ENTRY--TOPICAL TERM |
| Topical term or geographic name entry element |
Emotions. |
| 9 (RLIN) |
10007 |
| 773 ## - HOST ITEM ENTRY |
| Related parts |
, volume 45, number 5 (July-August 2004) pages 8-9. |
| Title |
Health & Home : The National Journal of Better Living |
| 942 ## - ADDED ENTRY ELEMENTS (KOHA) |
| Koha item type |
Periodicals |
| Suppress in OPAC |
No |
| Source of classification or shelving scheme |
Library of Congress Classification |